000 01007nam a2200289Ia 4500
005 20221128152444.0
008 210716s2013 xx 000 0 und d
020 _a9781259003875
040 _cAIMIT LIBRARY
041 _aeng
082 _a153.94
_21st
_bGUHA
100 _aGuha, Abhijeet.
_964033
245 _aStudy package for ibps cwe bank po/mt :
_bProbationary officers management trainees /
_cBy Abhijeet Guha , Sanjeev Joon and Meenakshi Upadhyay
250 _a1st ed.
260 _aNew Delhi :
_bTata McGraw Hill Publishing Company Ltd. ,
_c2013.
300 _axxiv, 6.84p. ;
_bPB :
_c24 cm.
650 _aAptitude Test
_964034
650 _aReasoning
_964035
650 _aNon Verbal Reasoning
_964036
650 _aQuantitative Aptitude
_964037
650 _aEnglish Language
_964038
650 _aGeneral Awareness
_964039
650 _aComputer Knowledge
_964040
700 _aJoon, Sanjeev
_964041
700 _aUpadhyay, Meenakshi.
_964042
942 _2ddc
_cBK
_e1 st
_k153.94 GUHA
999 _c194071
_d194071